Größte Städte in Sachsen nach Buchstabe - Statistiken

Allgemein
  • Dieses Quiz wurde 78 mal gespielt
  • Das Durchschnittsergebnis liegt bei 11 aus 22
Antwortstatistiken
Hint Antwort % Korrekt
D Dresden
100%
L Leipzig
100%
C Chemnitz
93%
Z Zwickau
91%
G Görlitz
82%
B Bautzen
81%
F Freiberg
74%
P Plauen
72%
M Meißen
71%
R Radebeul
59%
H Hoyerswerda
57%
T Torgau
53%
K Kamenz
41%
O Oschatz
41%
W Werdau
28%
E Eilenburg
25%
N Neustadt in Sachsen
24%
S Schkeuditz
24%
A Aue-Bad Schlema
13%
Q Quitzdorf am See
3%
J Jahnsdorf/Erzgeb.
1%
V Vierkirchen
0%
Keine übereinstimmenden Quizze gefunden
Verteilung der Resultate
Anzahl Personen mit jedem Resultat
Perzentil nach korrekt beantworteten Fragen
Ihre Resultats-Entwicklung
Sie haben dieses Quiz noch nicht gespielt